Statistics for Name the Lemur Species(Really Hard)

Click here to take the quiz!

General Stats

  • This quiz has been taken 11 times
  • The average score is 4 of 10

Answer Stats

Answer% Correct
Ring-tailed Lemur
90%
Aye-Aye
80%
Black and White Ruffed Lemur
30%
Common Brown Lemur
30%
Mongoose Lemur
30%
Blue-eyed black lemur
20%
Crowned Sifaka
20%
Indri
20%
Silky Sifaka
20%
Decken's Sifaka
10%

Score Distribution

Percentile by Number Answered

Percent of People with Each Score

Your Score History

You have not taken this quiz